Architektura a stavebnictví ČR. Období 1989-1995 : Současné trendy
Guardado en:
| Formato: | Libro |
|---|---|
| Lenguaje: | checo |
| Publicado: |
Jihlava :
Torus,
1995
|
| Materias: | |
| Etiquetas: |
Sin Etiquetas, Sea el primero en etiquetar este registro!
|
MARC
| LEADER | 00000nam a22000003a 4500 | ||
|---|---|---|---|
| 001 | stu30214 | ||
| 005 | 20150408181130.1 | ||
| 008 | 970408s1995----cs------------------cze-d | ||
| 040 | |a STU |b slo | ||
| 041 | 0 | |a cze | |
| 044 | |a cs | ||
| 080 | |a 72 | ||
| 080 | |a 624(437.1) | ||
| 245 | |a Architektura a stavebnictví ČR. Období 1989-1995 : |b Současné trendy | ||
| 260 | |a Jihlava : |b Torus, |c 1995 | ||
| 300 | |a 193 s | ||
| 650 | 7 | |a architektúra česká |2 stusub | |
| 996 | |b 284AU00376 |c A*3079 U |l AAKNAR |s A |a 24 |w stu30214_0001 | ||
| 996 | |b 284AU02770 |c A*2908 U |l AAKNST |s P |a 0 |w stu30214_0002 | ||
| 996 | |b 284AU04312 |c A*6738 U |l AAKNAR |s A |a 24 |w stu30214_0003 | ||
| 996 | |b 284V026524 |c V*44198/O-19248 |l VVT |s A |a 24 |w stu30214_0004 | ||